000 00727nam a2200205Ii 4500
003 JO-AjNU
008 230605s9999||||xx |||||||||||||| ||und||
017 _a1978/5879
040 _aJO-AjNU
_bara
_erda
_cJO-AjNU
041 _aara
050 1 4 _aPJ6695.M836 1986
100 3 _aمحيسن، محمد سالم,
_eauthor
_936037
245 0 0 _aالمقتبس من اللهجات العربية والقرآنية
264 3 1 _aالإسكندرية: مؤسسة شباب الجامعة، 1986
300 _a166ص
336 _atext
_btxt
_2rdacontent
337 _aunmediated
_bn
_2rdamedia
338 _avolume
_bnc
_2rdacarrier
650 4 _aاللهجة العربية - اللهجة القرآنية - إقتباسات
_936038
999 _aA14936
_c18504
_d18504